Pakistan: (Record no. 616258)

000 -LEADER
fixed length control field 00319nam a22001217a 4500
082 ## - DEWEY DECIMAL CLASSIFICATION NUMBER
Classification number 954.91
Author Mark BUR
100 ## - MAIN ENTRY--PERSONAL NAME
Personal name Burki, Shahid Javed
245 ## - TITLE STATEMENT
Title Pakistan:
Remainder of title a nation in the making /
Statement of responsibility, etc. Shahid Javed Burki
260 ## - PUBLICATION, DISTRIBUTION, ETC.
Place of publication, distribution, etc. London :
Name of publisher, distributor, etc. Westview Press,
Date of publication, distribution, etc. 1986.
300 ## - PHYSICAL DESCRIPTION
Extent 226 p. ;
Dimensions 24 cm.
563 ## - BINDING INFORMATION
Binding note HB.
942 ## - ADDED ENTRY ELEMENTS (KOHA)
Source of classification or shelving scheme
Koha item type Book
Holdings
Withdrawn status Lost status Source of classification or shelving scheme Damaged status Not for loan Permanent Location Current Location Date acquired Source of acquisition Total Checkouts Full call number Barcode Date last seen Price effective from Koha item type
          NUST Law School (NLS) NUST Law School (NLS) 02/17/2026 Donated by Mr. Salahuddin Khan Advocate Supreme Court of Pakistan   954.91 BUR NLSD-544 02/17/2026 02/17/2026 Book
© 2023 Central Library, National University of Sciences and Technology. All Rights Reserved.